Normal view
MARC view
- Emanuel, Pericles
Entry Personal Name
001 - CONTROL NUMBER
- control field: 110465
003 - CONTROL NUMBER IDENTIFIER
- control field: NUST
005 - DATE AND TIME OF LATEST TRANSACTION
- control field: 20230316151754.0
008 - FIXED-LENGTH DATA ELEMENTS
- fixed length control field: 230316|| aca||aabn | a|a d
040 ## - CATALOGING SOURCE
- Original cataloging agency: NUST
- Transcribing agency: NUST
100 ## - HEADING--PERSONAL NAME
- Personal name: Emanuel, Pericles
670 ## - SOURCE DATA FOUND
- Source citation: Work cat.: (NUST)183858: Emanuel, Pericles,, Introduction to feedback control systems /, c1976.
